Complaints, circumstances and claims (Record no. 81527)

MARC details
000 -LEADER
fixed length control field 01397cad a22002055a 4500
001 - CONTROL NUMBER
control field L147409
008 - FIXED-LENGTH DATA ELEMENTS--GENERAL INFORMATION
fixed length control field 090508e2009 xxk f 000 0 eng d
035 ## - SYSTEM CONTROL NUMBER
System control number (Sirsi) u147409
041 0# - LANGUAGE CODE
Language code of text/sound track or separate title eng
100 1# - MAIN ENTRY--PERSONAL NAME
Personal name Mortimer, Michael
245 00 - TITLE STATEMENT
Title Complaints, circumstances and claims
Remainder of title how do you decide which is which?
Medium [electronic resource]
260 ## - PUBLICATION, DISTRIBUTION, ETC.
Date of publication, distribution, etc. 2009
490 ## - SERIES STATEMENT
Series statement RICS Residential Property Journal
Volume/sequential designation May-June 2009, 6-7(2)
520 ## - SUMMARY, ETC.
Summary, etc. Provides advice on deciding whether a complaint should be reported as a circumstance which may give rise to a claim under a Professional Indemnity Insurance (PII) policy. Notes that PII is a claims-based policy. Suggests that one preliminary test which can be applied is whether the complainant has suffered or is likely to suffer financial loss. Gives worked examples to illustrate the difference between a complaint which should be reported as a notable circumstance or ones which should be treated as a pure complaint. Refers to the RICS Minimum PII Wording agreement 2008 throughout. Discusses procedures for making claims and reporting circumstances to insurance companies.
520 ## - SUMMARY, ETC.
Summary, etc. Article is member-only content and members must be registered with www.rics.org to access it
590 ## - LOCAL NOTE (RLIN)
Local note KA
651 #4 - SUBJECT ADDED ENTRY--GEOGRAPHIC NAME
Geographic name England and Wales
Chronological subdivision 1543-
690 ## - LOCAL SUBJECT ADDED ENTRY--TOPICAL TERM (OCLC, RLIN)
Topical term or geographic name as entry element MANAGEMENT-BUSINESS MANAGEMENT-INSURANCE-PROFESSIONAL INDEMNITY INSURANCE
942 ## - ADDED ENTRY ELEMENTS (KOHA)
Suppress in OPAC 0
Source of classification or shelving scheme Dewey Decimal Classification
Holdings
Withdrawn status Lost status Damaged status Not for loan Home library Current library Shelving location Date acquired Total Checkouts Barcode Date last seen Copy number Price effective from Koha item type
        London London Gallery 13/05/2009   147409-2001 06/08/2019 1 06/08/2019 Journal article